000 00701nam a2200289Ia 4500
005 20260324130546.0
008 008 260324s9999 xx 000 0 eng d
020 _a9781315081816
037 _aEBOOK
040 _aCRL
040 _beng
040 _cCRL
041 _2eng
041 _aeng
084 _qCRL
100 _aMichael Sherraden
_91182231
245 0 _aCan the Poor Save?
245 0 _bSaving and Asset Building in Individual Development Accounts
260 _bTaylor and Francis
260 _c2007
365 _a
365 _b145
856 _uhttp://www.taylorfrancis.com/books/9781315081816
942 _cEBOOK
999 _c1778508
_d1778508